00375nam a2200133Ia 450000500170000000800410001702000180005808200200007610000180009624500450011426000380015930000130019744000310021020241029150240.0240126s9999 xx 000 0 und d a9789388423502 a650.1 REI;1 R aReid, Greg S. 0aStickability : the power of perseverance bJaico PublishingaAhmedabadc2019 axiv, 190 aThink and grow rich series